BIBLIOTHÈQUE DE LA MAISON DU MEXIQUE

Logo 1 Logo 2

Cultura y resistencia cultural (notice nᵒ 1437)

détails MARC
000 -Sello discográfico
campo de control de longitud fija 00938nam a2200313 4500
005 - Identificación de versión
campo de control 20251016082950.0
010 ## - Número Estándar Internacional de Libros (ISBN)
Número (ISBN) 968-6011-78-1
035 ## - Otros números de control del sistema
Número de control del sistema 19202
099 ## - fechas locales
Tipo de ítem Koha LIBRO
100 ## - Datos de procesamiento general
Datos de procesamiento general 19970407d1985 m y1spay5003 ba
105 ## - Campo de datos codificados: Material textual, monográfico
Datos codificados de monografía y 001zy
200 1# - Título y mención de responsabilidad
Título propio Cultura y resistencia cultural
Designación general del material texto impreso
Otra información del título una lectura política
Primer mención de responsabilidad Hilda Varela Barraza
205 ## - Declaración de edición
Declaración de edición 1a ed
210 ## - Publicación, distribución, etc.
Lugar de publicación, distribución, etc. México
Nombre del editor, distribuidor, etc. Secretaría de Educación Pública : Ediciones El Caballito
Fecha de publicación, distribución, etc. 1985
215 ## - Descripción física
Designación de material específico y extensión del ítem 153 p
Dimensiones 21 cm
345 ## - Nota de información de adquisición
Fuente de adquisición/dirección de la suscripción [OBSOLETO] Donación
410 #1 - Series
Título Biblioteca Pedagógica
606 ## - Término temático usado como materia
Elemento de entrada Aculturación
Subdivisión geográfica Africa
Número Koha 3688
607 ## - Nombre geográfico utilizado como tema
Elemento de entrada Africa
Subdivisión temática Civilización
Número Koha 3689
660 ## - Código de área geográfica
Código MX
700 ## - Nombre personal - Responsabilidad primaria
Elemento de entrada Varela Barraza
Parte del nombre distinta del elemento de entrada Hilda
Número Koha 3690
801 #0 - Fuente de origen
Agencia cm
900 ## -
-- 1/13560
900 ## -
-- 710973035\\070497
942 ## - ELEMENTOS DE ENTRADA SECUNDARIOS (KOHA)
Tipo de ítem Koha Livre
996 ## -
-- MEX
-- 751145101
-- MMAG
-- 004317
-- 301.2 V293C
-- 20201217LIV
Exemplaires
Estatus retirado Estado de daño Estado de pérdida Fecha de adquisición Biblioteca de origen Biblioteca actual Ubicación en estantería Código de barras Precio de reemplazo Signatura topográfica completa No para préstamo Tipo de ítem Koha Nota pública Nota no pública
      05/08/2025 Casa México Paris Casa México Paris   004317 05/08/2025 301.2 V293C   Livre 20201217LIV 751145101